[Event "Mislata op 52nd"]
[Site "Mislata"]
[Date "2018.08.06"]
[Round "1"]
[White "Lucas Leon, Angel"]
[Black "Torres Sanchez, Jose"]
[Result "0-1"]
[WhiteElo "2040"]
[BlackElo "2312"]
[PlyCount "118"]
[EventDate "2018.08.06"]
[EventType "swiss"]
[EventRounds "9"]
[EventCountry "ESP"]
[SourceTitle "CBM 185 Extra"]
[Source "ChessBase"]
[SourceDate "2018.07.29"]
[SourceVersion "1"]
[SourceVersionDate "2018.07.29"]
[SourceQuality "1"]

1. d4 g6 2. c4 Bg7 3. Nc3 d6 4. Nf3 f5 5. g3 Nf6 6. Bg2 0-0 7. Qc2 Nc6 8. Bg5 Ne4 9. Nxe4 Nb4 10. Qb3 fxe4 11. Qxb4 exf3 12. Bxf3 Bxd4 13. 0-0-0 c5 14. Qd2 Be6 15. Qc2 Qa5 16. Qb3 Rab8 17. Bxe7 Rxf3 18. exf3 Qc7 19. Bg5 b5 20. Rd2 bxc4 21. Qa3 Bf5 22. Re2 c3 23. b3 c4 24. Rhe1 cxb3 25. axb3 Be5 26. f4 Qc4 27. fxe5 Rxb3 28. Qa2 c2 29. Rxc2 Bxc2 30. Qxc2 Rc3 31. Re2 Rxc2+ 32. Rxc2 Qf1+ 33. Kb2 Qb5+ 34. Ka3 Qxe5 35. Be3 a5 36. Bf4 Qa1+ 37. Kb3 a4+ 38. Kc4 a3 39. Bc1 a2 40. Bb2 Qxb2 41. Rxb2 a1Q 42. Rd2 Qc1+ 43. Kd3 Kf7 44. Ke2 Qc4+ 45. Ke3 d5 46. f3 h5 47. h4 Ke6 48. Rd3 Qc1+ 49. Ke2 Qg1 50. f4 d4 51. Rf3 Kd5 52. f5 Qg2+ 53. Rf2 Qe4+ 54. Kd1 gxf5 55. g4 Qb1+ 56. Kd2 Ke4 57. gxf5 Qb2+ 58. Ke1 Qc1+ 59. Ke2 d3# 0-1

[Event "Mislata op 51st"]
[Site "Mislata"]
[Date "2017.08.07"]
[Round "1"]
[White "Garcia Fernandez, Carlos"]
[Black "Lucas Leon, Angel"]
[Result "1/2-1/2"]
[WhiteElo "2295"]
[BlackElo "2055"]
[PlyCount "23"]
[EventDate "2017.08.07"]
[EventType "swiss"]
[EventRounds "9"]
[EventCountry "ESP"]
[SourceTitle "CBM 179 Extra"]
[Source "ChessBase"]
[SourceDate "2017.08.23"]
[SourceVersion "1"]
[SourceVersionDate "2017.08.23"]
[SourceQuality "1"]

1. e4 c6 2. d4 d5 3. Nd2 dxe4 4. Nxe4 Bf5 5. Ng3 Bg6 6. Bc4 e6 7. N1e2 Bd6 8. 0-0 Nd7 9. c3 Ne7 10. Bf4 Qc7 11. Qd2 0-0-0 12. Bxd6 1/2-1/2

[Event "Mislata op 50th"]
[Site "Mislata"]
[Date "2016.08.10"]
[Round "4"]
[White "Galiana Fernandez, Adrian"]
[Black "Lucas Leon, Angel"]
[Result "1/2-1/2"]
[WhiteElo "2046"]
[BlackElo "1922"]
[PlyCount "44"]
[EventDate "2016.08.08"]
[EventType "swiss"]
[EventRounds "9"]
[EventCountry "ESP"]
[SourceTitle "EXT 2017"]
[Source "ChessBase"]
[SourceDate "2016.10.25"]
[SourceVersion "1"]
[SourceVersionDate "2016.10.25"]
[SourceQuality "1"]

1. e4 c6 2. d4 d5 3. Nd2 dxe4 4. Nxe4 Bf5 5. Ng3 Bg6 6. Bc4 Nf6 7. N1e2 e5 8. 0-0 Nbd7 9. f4 exf4 10. Nxf4 Be7 11. Nxg6 hxg6 12. Qd3 Nb6 13. Bb3 Nbd5 14. Bg5 Qd7 15. Rae1 0-0-0 16. Bxd5 cxd5 17. Bf4 Bd6 18. Ne2 Rhe8 19. c3 Re6 20. Bxd6 Qxd6 21. Nc1 Rde8 22. Qh3 Kd8 1/2-1/2

[Event "Mislata op 50th"]
[Site "Mislata"]
[Date "2016.08.09"]
[Round "3"]
[White "Lucas Leon, Angel"]
[Black "Aymerich Rosell, Pablo"]
[Result "0-1"]
[WhiteElo "1922"]
[BlackElo "2162"]
[PlyCount "144"]
[EventDate "2016.08.08"]
[EventType "swiss"]
[EventRounds "9"]
[EventCountry "ESP"]
[SourceTitle "EXT 2017"]
[Source "ChessBase"]
[SourceDate "2016.10.25"]
[SourceVersion "1"]
[SourceVersionDate "2016.10.25"]
[SourceQuality "1"]

1. d4 f5 2. g3 Nf6 3. Bg2 g6 4. Nf3 Bg7 5. 0-0 0-0 6. c4 d6 7. Nc3 c6 8. d5 e5 9. dxe6 Bxe6 10. b3 Na6 11. Bb2 Qe7 12. Ng5 Bd7 13. Re1 h6 14. Nh3 g5 15. e4 f4 16. f3 fxg3 17. hxg3 Nh5 18. g4 Nf4 19. Nxf4 Rxf4 20. Qd2 Rd8 21. Ne2 Bxb2 22. Qxb2 Rff8 23. Ng3 Qe5 24. Qxe5 dxe5 25. Rad1 Be6 26. Nf5 Kh7 27. Kf2 Nb4 28. Ke2 a6 29. Rh1 Bxf5 30. exf5 Nxa2 31. Ke3 c5 32. Rxd8 Rxd8 33. Bf1 Nb4 34. Be2 Rd6 35. Rc1 Kg7 36. Kf2 b6 37. Ke3 a5 38. Kf2 Nc6 39. Rd1 Rxd1 40. Bxd1 Kf6 41. Ke3 Nd4 42. Ke4 h5 43. gxh5 Nxf5 44. h6 Nxh6 45. Kd5 Nf5 46. Kc6 Ke6 47. Kxb6 Kd6 48. Kxa5 Ne3 49. Be2 Nc2 50. Bd1 Nb4 51. Be2 Na2 52. Bf1 Kc6 53. Bg2 Kd6 54. Bf1 Nb4 55. Be2 Nc6+ 56. Ka4 Nd4 57. Bd1 Nc6 58. Be2 Nb4 59. Ka5 Na2 60. Bd3 Nc1 61. Bc2 Ne2 62. Ka4 e4 63. b4 exf3 64. Bd3 cxb4 65. Kxb4 g4 66. c5+ Kc7 67. Be4 Ng3 68. Bd3 f2 69. Kc3 f1Q 70. Bxf1 Nxf1 71. Kd3 Ng3 72. Kc3 Nf5 0-1

[Event "Mislata op 50th"]
[Site "Mislata"]
[Date "2016.08.08"]
[Round "1"]
[White "Lucas Leon, Angel"]
[Black "Fernandez Ayuso, Sergio Javier"]
[Result "1-0"]
[WhiteElo "1922"]
[BlackElo "2159"]
[PlyCount "85"]
[EventDate "2016.08.08"]
[EventType "swiss"]
[EventRounds "9"]
[EventCountry "ESP"]
[SourceTitle "EXT 2017"]
[Source "ChessBase"]
[SourceDate "2016.10.25"]
[SourceVersion "1"]
[SourceVersionDate "2016.10.25"]
[SourceQuality "1"]

1. d4 Nf6 2. c4 g6 3. Nc3 d5 4. cxd5 Nxd5 5. e4 Nxc3 6. bxc3 Bg7 7. Rb1 0-0 8. Nf3 b6 9. Be2 Bb7 10. Qc2 Nd7 11. 0-0 e5 12. Ba3 Re8 13. d5 c5 14. Nd2 Rf8 15. Nc4 Qc7 16. Ne3 h5 17. Bc1 Nf6 18. Rd1 Ne8 19. Nc4 Nd6 20. Be3 Kh7 21. a4 Nxc4 22. Bxc4 Qd6 23. a5 Bf6 24. Qd2 Bd8 25. f4 f6 26. Rf1 Bc8 27. Qe2 Bg4 28. Qf2 exf4 29. Bxf4 Qe7 30. Qe3 Bc7 31. h3 Bc8 32. Bxc7 Qxc7 33. e5 Bf5 34. d6 Qd7 35. e6 Qxd6 36. Rbd1 Qe7 37. Rd7 Rfe8 38. Rfd1 Kg8 39. Rxe7 Rxe7 40. Rd7 Rae8 41. Rxe7 Rxe7 42. a6 Kg7 43. Qd2 1-0

[Event "Barbera del Valles op 39th"]
[Site "Barbera del Valles"]
[Date "2016.07.11"]
[Round "8"]
[White "Lucas Leon, Angel"]
[Black "Garcia Mosquera, David"]
[Result "0-1"]
[WhiteElo "2020"]
[BlackElo "2045"]
[PlyCount "70"]
[EventDate "2016.07.04"]
[EventType "swiss"]
[EventRounds "9"]
[EventCountry "ESP"]
[SourceTitle "EXT 2017"]
[Source "ChessBase"]
[SourceDate "2016.10.25"]
[SourceVersion "1"]
[SourceVersionDate "2016.10.25"]
[SourceQuality "1"]

1. d4 Nf6 2. c4 g6 3. Nc3 Bg7 4. e4 d6 5. Nf3 0-0 6. Be2 e5 7. 0-0 Nc6 8. d5 Ne7 9. Ne1 Ne8 10. f3 f5 11. Be3 f4 12. Bf2 g5 13. b4 Rf6 14. c5 Rh6 15. cxd6 Nxd6 16. Kh1 Qe8 17. Bg1 Kh8 18. a4 Ng8 19. Nd3 Nf6 20. Nf2 Nh5 21. h3 Ng3+ 22. Kh2 Rg6 23. Re1 h5 24. Nh1 Nxe2 25. Qxe2 g4 26. g3 Bh6 27. Bf2 Qd7 28. fxg4 hxg4 29. Qd3 gxh3 30. Qe2 Qg7 31. Rg1 Ne8 32. Raf1 Nf6 33. Be1 Ng4+ 34. Kxh3 Ne3+ 35. Kh2 Bg5 0-1

[Event "Barbera del Valles op 39th"]
[Site "Barbera del Valles"]
[Date "2016.07.07"]
[Round "4"]
[White "Lucas Leon, Angel"]
[Black "Sadrija, Enver"]
[Result "0-1"]
[WhiteElo "2020"]
[BlackElo "2241"]
[PlyCount "72"]
[EventDate "2016.07.04"]
[EventType "swiss"]
[EventRounds "9"]
[EventCountry "ESP"]
[SourceTitle "EXT 2017"]
[Source "ChessBase"]
[SourceDate "2016.10.25"]
[SourceVersion "1"]
[SourceVersionDate "2016.10.25"]
[SourceQuality "1"]

1. d4 e6 2. c4 f5 3. Nc3 Nf6 4. Nf3 Be7 5. Bf4 d6 6. Qc2 Nc6 7. 0-0-0 a5 8. a3 0-0 9. h3 d5 10. e3 Ne4 11. cxd5 Nxc3 12. Qxc3 exd5 13. Bd3 Bd6 14. g3 Qe7 15. Qc2 Bd7 16. Rdg1 Bxa3 17. bxa3 Qxa3+ 18. Kd2 Nb4 19. Qb1 Rf6 20. Rc1 Rb6 21. Rc3 Qa4 22. Bxc7 Nxd3 23. Bxb6 Nxf2 24. Rhc1 Ne4+ 25. Ke1 Ra6 26. Rb3 h6 27. Ne5 Be8 28. g4 f4 29. Bc5 f3 30. Nxf3 Qc6 31. Rb6 Qc7 32. Ne5 Qd8 33. Rxa6 Qh4+ 34. Kd1 Ba4+ 35. Rc2 Nc3+ 36. Kc1 Qe1+ 0-1

[Event "Mislata op-A 23rd"]
[Site "Mislata"]
[Date "2015.08.11"]
[Round "3"]
[White "Lucas Leon, Angel"]
[Black "Garcia Fernandez, Carlos"]
[Result "0-1"]
[WhiteElo "1935"]
[BlackElo "2312"]
[PlyCount "65"]
[EventDate "2015.08.10"]
[EventType "swiss"]
[EventRounds "9"]
[EventCountry "ESP"]
[SourceTitle "EXT 2016"]
[Source "ChessBase"]
[SourceDate "2015.10.08"]
[SourceVersion "1"]
[SourceVersionDate "2015.10.08"]
[SourceQuality "1"]

1. d4 d6 2. c4 e5 3. e3 c6 4. Nc3 Nd7 5. Bd3 Ngf6 6. Nge2 Be7 7. 0-0 0-0 8. Qc2 Re8 9. Ne4 Nxe4 10. Bxe4 g6 11. g3 Bf8 12. Bg2 Nf6 13. Nc3 h5 14. dxe5 dxe5 15. b3 h4 16. Bb2 hxg3 17. hxg3 Ng4 18. Qe2 Qg5 19. Bh3 e4 20. Kg2 Bg7 21. Rh1 Bf5 22. Rad1 Rad8 23. Rxd8 Rxd8 24. Rd1 Re8 25. Na4 Bxb2 26. Nxb2 Kg7 27. Rh1 Rh8 28. Qd1 Rd8 29. Qe2 b6 30. Na4 Ne5 31. Qb2 f6 32. Qe2 Nf3 33. Bxf5 0-1

[Event "Barbera del Valles op 38th"]
[Site "Barbera del Valles"]
[Date "2015.07.11"]
[Round "8"]
[White "Pulido Leon, Manuel"]
[Black "Lucas Leon, Angel"]
[Result "1-0"]
[WhiteElo "1991"]
[BlackElo "1845"]
[PlyCount "85"]
[EventDate "2015.07.04"]
[EventType "swiss"]
[EventRounds "9"]
[EventCountry "ESP"]
[SourceTitle "CBM 167 Extra"]
[Source "ChessBase"]
[SourceDate "2015.09.14"]
[SourceVersion "1"]
[SourceVersionDate "2015.09.14"]
[SourceQuality "1"]

1. e4 c6 2. d4 d5 3. Nc3 dxe4 4. Nxe4 Bf5 5. Ng3 Bg6 6. Nf3 Nd7 7. Bc4 e6 8. 0-0 Ngf6 9. Re1 Be7 10. Nh4 Qc7 11. Qf3 0-0-0 12. c3 Bd6 13. b4 Rdf8 14. a4 e5 15. Ngf5 Bxf5 16. Nxf5 g6 17. Nxd6+ Qxd6 18. Bh6 Re8 19. dxe5 Nxe5 20. Qh3+ Kb8 21. Bb3 Nfg4 22. Bf4 Nxf2 23. Qg3 Nfd3 24. Rad1 Nf3+ 25. gxf3 Rxe1+ 26. Qxe1 Qxf4 27. Rxd3 Ka8 28. Qe3 Qf5 29. Bc2 Qf6 30. Kh1 Rb8 31. b5 cxb5 32. axb5 g5 33. Rd4 Qb6 34. Qxg5 Qa5 35. Qd2 Qxb5 36. Bd3 Qh5 37. Be4 Qb5 38. c4 Qb6 39. Rd7 a6 40. Qd6 Qa5 41. Qd1 Qc3 42. Rxb7 Rxb7 43. Qb1 1-0

[Event "Barbera del Valles op 38th"]
[Site "Barbera del Valles"]
[Date "2015.07.10"]
[Round "7"]
[White "Lucas Leon, Angel"]
[Black "Bernat, Ernest"]
[Result "0-1"]
[WhiteElo "1845"]
[BlackElo "1943"]
[PlyCount "76"]
[EventDate "2015.07.04"]
[EventType "swiss"]
[EventRounds "9"]
[EventCountry "ESP"]
[SourceTitle "CBM 167 Extra"]
[Source "ChessBase"]
[SourceDate "2015.09.14"]
[SourceVersion "1"]
[SourceVersionDate "2015.09.14"]
[SourceQuality "1"]

1. d4 d5 2. c4 e6 3. Nc3 Nf6 4. cxd5 exd5 5. Bg5 Be7 6. e3 Nbd7 7. Bd3 0-0 8. Nge2 c6 9. 0-0 Re8 10. Bc2 Nf8 11. Kh1 h6 12. Bh4 Ng4 13. Bg3 Bd6 14. Nf4 Nf6 15. Qd2 Bc7 16. f3 Bxf4 17. Bxf4 Nh5 18. e4 Nxf4 19. Qxf4 Ne6 20. Qg3 Nxd4 21. Bb3 Nxb3 22. axb3 d4 23. Rad1 Qb6 24. Na4 Qb4 25. Qc7 Be6 26. f4 Bxb3 27. Rd3 Bxa4 28. f5 Bb5 29. f6 Bxd3 30. Qg3 Qf8 31. Qxd3 gxf6 32. Rf4 Rad8 33. Qh3 d3 34. Qf5 d2 35. Rg4+ Qg7 36. Rxg7+ Kxg7 37. Qg4+ Kh8 38. Qd1 Rxe4 0-1

[Event "Provincial-ch Valencia Preferente"]
[Site "Valencia"]
[Date "2014.10.25"]
[Round "4.4"]
[White "Lucas Leon, Angel"]
[Black "Hidalgo Herrera, Antonio"]
[Result "0-1"]
[WhiteElo "1968"]
[BlackElo "1880"]
[PlyCount "57"]
[EventDate "2014.09.27"]
[EventType "swiss"]
[EventRounds "7"]
[EventCountry "ESP"]
[SourceTitle "EXT 2024"]
[Source "ChessBase"]
[SourceDate "2023.10.10"]
[SourceVersion "1"]
[SourceVersionDate "2023.10.10"]
[SourceQuality "1"]

1. d4 d5 2. c4 c6 3. Nc3 Nf6 4. Nf3 e6 5. Bg5 Be7 6. e3 0-0 7. Qc2 Nbd7 8. Bd3 h6 9. Bh4 dxc4 10. Bxc4 b5 11. Bd3 Bb7 12. 0-0 a6 13. Ne4 Nxe4 14. Bxe7 Qxe7 15. Bxe4 Rac8 16. Rac1 Nf6 17. Nd2 e5 18. Bf5 Rcd8 19. dxe5 Qxe5 20. Nf3 Qe7 21. Qc5 Qxc5 22. Rxc5 Rd5 23. Rfc1 Rfd8 24. Nd4 g6 25. Bh3 Rxc5 26. Rxc5 Ne4 27. Rc1 c5 28. Nb3 c4 29. Nd4 0-1

[Event "Mislata op-B 48th"]
[Site "Mislata"]
[Date "2014.08.14"]
[Round "6"]
[White "Lucas Leon, Angel"]
[Black "De Pablos Fernandez, Mariano"]
[Result "0-1"]
[WhiteElo "1863"]
[BlackElo "1952"]
[PlyCount "70"]
[EventDate "2014.08.11"]
[EventType "swiss"]
[EventRounds "9"]
[EventCountry "ESP"]
[SourceTitle "CBM 161 Extra"]
[Source "ChessBase"]
[SourceDate "2014.08.29"]
[SourceVersion "1"]
[SourceVersionDate "2014.08.29"]
[SourceQuality "1"]

1. d4 d5 2. c4 e6 3. Nc3 f5 4. Nf3 c6 5. Bf4 Nf6 6. e3 Be7 7. Bd3 0-0 8. Qc2 Ne4 9. 0-0-0 Nd7 10. Rdg1 Ndf6 11. Ne5 Qa5 12. Bxe4 Nxe4 13. Nxe4 dxe4 14. Kb1 c5 15. g4 cxd4 16. exd4 Bf6 17. Rg2 b5 18. Rhg1 Bxe5 19. Bxe5 f4 20. Qxe4 Ba6 21. Bc7 Qxc7 22. Qxe6+ Kh8 23. Qxa6 Qxc4 24. Rd1 Rac8 25. Rgg1 Rc6 26. Qa3 Qc2+ 27. Ka1 Rfc8 28. b3 Qxf2 29. d5 Rc2 30. d6 Rd2 31. Rc1 Qd4+ 32. Kb1 Rd8 33. Rge1 b4 34. d7 h6 35. Re8+ Kh7 0-1

[Event "Provincial-ch Valencia Primera"]
[Site "Valencia"]
[Date "2013.10.05"]
[Round "1"]
[White "Lucas Leon, Angel"]
[Black "Cabrera Rodrigo, Francisco"]
[Result "0-1"]
[WhiteElo "1673"]
[BlackElo "1881"]
[PlyCount "80"]
[EventDate "2013.10.05"]
[EventType "swiss"]
[EventRounds "7"]
[EventCountry "ESP"]
[SourceTitle "EXT 2024"]
[Source "ChessBase"]
[SourceDate "2023.10.10"]
[SourceVersion "1"]
[SourceVersionDate "2023.10.10"]
[SourceQuality "1"]

1. d4 e6 2. c4 d5 3. Nc3 Nf6 4. Bg5 Be7 5. Nf3 c6 6. e3 b6 7. Bd3 Ba6 8. cxd5 Bxd3 9. Qxd3 cxd5 10. 0-0 Nc6 11. a3 0-0 12. Rfc1 Na5 13. Nd2 Rc8 14. Ne2 Qd7 15. b4 Nb7 16. h3 Nd6 17. Bf4 Nfe4 18. Nxe4 Nxe4 19. Ra2 Rxc1+ 20. Nxc1 Bd6 21. f3 Bxf4 22. fxe4 Rc8 23. Ne2 dxe4 24. Qxe4 Bh6 25. Ra1 Qd5 26. Qd3 g6 27. Nf4 Qd6 28. Rf1 Qc7 29. Kh1 Qc3 30. Qa6 Qc4 31. Qxc4 Rxc4 32. Rd1 Bxf4 33. exf4 Rc3 34. Ra1 Rd3 35. Kh2 Rxd4 36. Kg3 Kg7 37. Kf3 Kf6 38. b5 Rd3+ 39. Ke2 Rb3 40. a4 Kf5 0-1

[Event "Cullera op-B 29th"]
[Site "Cullera"]
[Date "2012.08.29"]
[Round "6"]
[White "Albert Garrote, Amadeo"]
[Black "Lucas Leon, Angel"]
[Result "1-0"]
[WhiteElo "1906"]
[BlackElo "1514"]
[PlyCount "75"]
[EventDate "2012.08.25"]
[EventType "swiss"]
[EventRounds "9"]
[EventCountry "ESP"]
[SourceTitle "CBM 150 Extra"]
[Source "ChessBase"]
[SourceDate "2012.10.19"]
[SourceVersion "1"]
[SourceVersionDate "2012.10.19"]
[SourceQuality "1"]

1. d4 d5 2. c3 Nf6 3. Bg5 Bf5 4. Nf3 e6 5. Qb3 Qc8 6. Bxf6 gxf6 7. Nbd2 Nd7 8. Nh4 Bg6 9. f3 f5 10. Nxg6 fxg6 11. e4 Nf6 12. exf5 gxf5 13. 0-0-0 Be7 14. Re1 c6 15. Bd3 Qc7 16. Rxe6 0-0-0 17. Rhe1 Rde8 18. a4 Bd6 19. h3 Bf4 20. Qc2 Bg5 21. Kb1 Rxe6 22. Rxe6 Re8 23. Rxe8+ Nxe8 24. Bxf5+ Kb8 25. Bd3 Nd6 26. Nb3 Qe7 27. a5 Qe1+ 28. Ka2 Qe7 29. Nc5 Qc7 30. Qa4 Bh6 31. Qb4 Ka8 32. Na4 Bg5 33. Nc5 Be7 34. Qa4 Kb8 35. b4 a6 36. Bxa6 Bd8 37. Bxb7 Nxb7 38. Na6+ 1-0

[Event "Valencia-ch U18"]
[Site "Valencia"]
[Date "2012.04.13"]
[Round "5"]
[White "Martinez Hernandez, Paula"]
[Black "Lucas Leon, Angel"]
[Result "1-0"]
[WhiteElo "1683"]
[BlackElo "1514"]
[PlyCount "97"]
[EventDate "2012.04.11"]
[EventType "swiss"]
[EventRounds "6"]
[EventCountry "ESP"]
[SourceTitle "CBM 147 Extra"]
[Source "ChessBase"]
[SourceDate "2012.04.24"]
[SourceVersion "1"]
[SourceVersionDate "2012.04.24"]
[SourceQuality "1"]

1. e4 e6 2. d4 d5 3. exd5 exd5 4. Nf3 Nf6 5. Bd3 Bg4 6. Bg5 Nbd7 7. Nbd2 h6 8. Bf4 Be7 9. h3 Be6 10. c3 c6 11. Qc2 Nb6 12. Nb3 Bd6 13. Bxd6 Qxd6 14. Nc5 Rb8 15. 0-0 0-0 16. Rfe1 Bd7 17. Re2 Qc7 18. Rae1 Rfe8 19. Ne5 Rbd8 20. a4 Kf8 21. Re3 Nc8 22. Qe2 Nd6 23. Qf3 Qc8 24. Ncxd7+ Nxd7 25. Ng6+ Kg8 26. Ne7+ Rxe7 27. Rxe7 Nf6 28. R7e5 c5 29. dxc5 Qxc5 30. Qe3 Qa5 31. Qd4 Rd7 32. Qe3 Kf8 33. Re7 Rd8 34. Qd4 Nfe4 35. Re5 Nf6 36. R5e2 a6 37. Qe5 Kg8 38. Qxd6 Ra8 39. Qe7 Qd8 40. Qxb7 g6 41. Qc6 Kg7 42. Bxa6 Qf8 43. Bd3 Rc8 44. Qb6 Rb8 45. Qd4 Rd8 46. a5 Qd6 47. a6 Ra8 48. b4 Kg8 49. b5 1-0

[Event "Valencia-ch U18"]
[Site "Valencia"]
[Date "2012.04.12"]
[Round "3"]
[White "Serarols Mabras, Bernat"]
[Black "Lucas Leon, Angel"]
[Result "1-0"]
[WhiteElo "1903"]
[BlackElo "1514"]
[PlyCount "84"]
[EventDate "2012.04.11"]
[EventType "swiss"]
[EventRounds "6"]
[EventCountry "ESP"]
[SourceTitle "CBM 147 Extra"]
[Source "ChessBase"]
[SourceDate "2012.04.24"]
[SourceVersion "1"]
[SourceVersionDate "2012.04.24"]
[SourceQuality "1"]

1. d4 d5 2. c4 e6 3. Nf3 Nf6 4. Bg5 Nbd7 5. Nc3 c6 6. e3 Bb4 7. Nd2 Qa5 8. Qc2 dxc4 9. Bxf6 Nxf6 10. Nxc4 Bxc3+ 11. bxc3 Qc7 12. Bd3 b6 13. e4 h6 14. e5 Nd5 15. Nd6+ Ke7 16. 0-0 c5 17. Be4 cxd4 18. c4 Ba6 19. Qa4 Bxc4 20. Qxc4 Qxc4 21. Nxc4 Rac8 22. Bxd5 exd5 23. Nd6 Rc5 24. Nf5+ Ke6 25. Nxd4+ Kxe5 26. Nb3 Rb5 27. Rfe1+ Kf6 28. Rad1 Rd8 29. f3 Rd7 30. Re2 g6 31. Kf2 Kg7 32. Red2 f5 33. Nd4 Ra5 34. Ne6+ Kf6 35. Nf4 d4 36. Ne2 Rad5 37. Nxd4 Ke5 38. Nc6+ Ke6 39. Rxd5 Rxd5 40. Rxd5 Kxd5 41. Nxa7 Kc4 42. Ke3 g5 1-0

[Event "Valencia-ch U18"]
[Site "Valencia"]
[Date "2012.04.11"]
[Round "2"]
[White "Lucas Leon, Angel"]
[Black "Martinez Robles, Pablo Javier"]
[Result "1-0"]
[WhiteElo "1514"]
[BlackElo "1134"]
[PlyCount "61"]
[EventDate "2012.04.11"]
[EventType "swiss"]
[EventRounds "6"]
[EventCountry "ESP"]
[SourceTitle "CBM 147 Extra"]
[Source "ChessBase"]
[SourceDate "2012.04.24"]
[SourceVersion "1"]
[SourceVersionDate "2012.04.24"]
[SourceQuality "1"]

1. d4 d5 2. c4 c6 3. Nc3 Nf6 4. Bf4 e6 5. e3 Nbd7 6. Nf3 Bb4 7. Qb3 Bxc3+ 8. Qxc3 Ne4 9. Qc2 Qa5+ 10. Nd2 0-0 11. cxd5 cxd5 12. Bd3 Ndf6 13. f3 Nxd2 14. Qxd2 Qxd2+ 15. Kxd2 Bd7 16. h4 Rac8 17. h5 Ba4 18. b3 Bc6 19. g4 Nd7 20. Rag1 f6 21. Bd6 Rfe8 22. Rh3 e5 23. g5 e4 24. fxe4 dxe4 25. Bc4+ Kh8 26. Bf7 Ne5 27. dxe5 Red8 28. Be6 Ra8 29. gxf6 gxf6 30. Kc2 fxe5 31. Bxe5# 1-0